banner koha

Genotypic parameters for egg production in pure breed hens by using random regression model (Registro n. 329566)

MARC details
000 -LÍDER
fixed length control field 04001nab a2200337 i 4500
003 - CÓDIGO MARC DA AGÊNCIA CATALOGADORA
Campo de controle BR-BrBNA
005 - DATA E HORA DA ÚLTIMA ATUALIZAÇÃO
Campo de controle 20250113155041.0
008 - CAMPO DE TAMANHO FIXO
fixed length control field 250113b2017 bl.mr|pooa||| 00| 0 eng |
040 ## - FONTE DA CATALOGAÇÃO
Agência catalogadora BR-BrBNA
Idioma da catalogação eng
072 ## - CATEGORIA AGRIS
Código AGRIS L10
Código do objeto 6100
072 ## - CATEGORIA AGRIS
Código AGRIS L01
100 ## - ENTRADA PRINCIPAL - NOME PESSOAL
Nome pessoal Ferreira, Priscila Becker
100 ## - ENTRADA PRINCIPAL - NOME PESSOAL
Nome pessoal Rorato, Paulo Roberto Nogara
100 ## - ENTRADA PRINCIPAL - NOME PESSOAL
Nome pessoal Breda, Fernanda Cristina
100 ## - ENTRADA PRINCIPAL - NOME PESSOAL
Nome pessoal Michelotti, Vanessa Tomazetti
100 ## - ENTRADA PRINCIPAL - NOME PESSOAL
Nome pessoal Rosa, Alexandre Pires
100 ## - ENTRADA PRINCIPAL - NOME PESSOAL
Nome pessoal Macedo, André
245 ## - TÍTULO PRINCIPAL
Título principal Genotypic parameters for egg production in pure breed hens by using random regression model
500 ## - NOTA GERAL
Nota geral Publicação on-line; 19 ref.; 4 tables; Sumaries (En, Pt)
942 ## - ADDED ENTRY ELEMENTS (KOHA)
Koha item type Analítica
520 ## - NOTA DE RESUMO
Nota de conteúdo <br/>ABSTRACT - This study aimed to test different genotypic and residual covariance matrix structures in random regression models to model the egg production of Barred Plymouth Rock and White Plymouth Rock hens aged between 5 and 12 months. In addition, we estimated broad-sense heritability, and environmental and genotypic correlations. Six random regression models were evaluated, and for each model, 12 genotypic and residual matrix structures were tested. The random regression model with linear intercept and unstructured covariance (UN) for a matrix of random effects and unstructured correlation (UNR) for residual matrix adequately model the egg production curve of hens of the two study breeds. Genotypic correlations ranged from 0.15 (between age of 5 and 12 months) to 0.99 (between age of 10 and 11 months) and increased based on the time elapsed. Egg production heritability between 5- and 12-month-old hens increased with age, varying from 0.15 to 0.51. From the age of 9 months onward, heritability was moderate with estimates of genotypic correlations higher than 90% at the age of 10, 11, and 12 months. Results suggested that selection of hens to improve egg production should commence at the ninth month of age.<br/><br/>Key words: Barred Plymouth Rock, heritability, laying rate, White Plymouth Rock.
520 ## - NOTA DE RESUMO
Nota de conteúdo <br/>RESUMO - Objetivou-se testar diferentes estruturas de matrizes de (co)variâncias genotípicas e residuais em modelos de regressão aleatória para modelar a produção de ovos do 5o ao 12o mês de idade de poedeiras das raças Plymouth Rock Barrada e Plymouth Rock Branca, bem como estimar a herdabilidade no sentido amplo e as correlações ambientais e genotípicas. Foram avaliados seis modelos de regressão aleatória e, para todos os modelos, foram testadas 12 estruturas das matrizes genotípicas e residuais. O modelo de regressão aleatória com intercepto linear com estrutura de (co)variância desestruturada (UN) para a matriz de efeitos aleatórios e correlação desestruturada (UNR) para a matriz de resíduos, modela adequadamente a curva de produção de ovos das aves das duas raças estudadas. As correlações genotípicas variaram de 0.15 (entre o 5o e o 12o mês) a 0.99 (entre o 10o e o 11o mês), aumentando conforme a proximidade entre os meses. As herdabilidades para a produção de ovos entre o 5o e o 12o mês de idade aumentam com o avanço da idade, variando de 0.15 a 0.51. A partir do nono mês de idade a herdabilidade é moderada com estimativas de correlações genotípicas superiores a 90% nos meses 10, 11 e 12. Sugere-se a seleção das poedeiras através de critérios fenotípicos a partir do 9o mês de idade das aves.<br/><br/>Palavras-chave: Plymouth Rock Barrada, herdabilidade, taxa de postura, Plymouth Rock Branca.
650 ## - ASSUNTO - THESAGRO
Cabeçalho tópico ou nome geográfico GALINHA PARA POSTURA
650 ## - ASSUNTO - THESAGRO
Cabeçalho tópico ou nome geográfico SELEÇÃO
650 ## - ASSUNTO - THESAGRO
Cabeçalho tópico ou nome geográfico HERDABILIDADE
650 ## - ASSUNTO - THESAGRO
Cabeçalho tópico ou nome geográfico OVO
650 ## - ASSUNTO - THESAGRO
Cabeçalho tópico ou nome geográfico PRODUÇÃO
773 0# - ENTRADA ANALÍTICA
Host Biblionumber 2408
Registro do item 346531
Imprenta Santa Maria-RS Universidade Federal de Santa Maria - Centro de Ciências Rurais 1991
Outro identificador 2024-7202
Título Ciência Rural (Brazil)
ISSN 0103-8478 Versão online ISSN 1678-4596
Colação v. 47(5) p. 1-7; (2017)
Número de controle de registro BR2024004133
856 ## - ACESSO E ENDEREÇO ELETRÔNICO
Identificador uniforme de recurso - URI https://www.scielo.br/j/cr/a/b4v3YLTNVMmSZfGGjcNTRZC/?format=pdf&lang=en

Nenhum exemplar disponível.

BINAGRI

Telefone: (61)3218-2567/2388/3357/2097 - binagri@agro.gov.br

Ministério da Agricultura e Pecuária , Esplanada dos Ministérios, Bloco D, Anexo B, Brasília/DF, CEP: 70.043-900